=LDR 00000nam 2200000 4500 =001 INLIS000000000023896 =005 20130612122522 =008 ***********************************Ind** =035 ##$$0010-061300000023896 =041 ##$$a Ind =082 ##$$a 372.35 =090 ##$$a 372.35, Ran r =245 ##$$a Rangkuman dan soal IPA untuk menghadapi ulangan harian dan umum kelas IV catuwulan 1,2 dan3 sekolah dasar sesuai kurikulum pendidikan dasar GPP 1994 =260 ##$$a 1999 $b Semarang =300 ##$$a 133 hlm, ilus, 20 cm =650 ##$$a Pendidikan dasar-SD-IPA =850 ##$$a NBPNMAT